[Event "4NCL/Div1/SWR-AD"]
[Site "Rd3-Birmingham"]
[Date "1999.11.20"]
[Round "3.2"]
[White "Mestel, Jonathan"]
[Black "Marusenko, Petr"]
[Result "1-0"]
[WhiteElo "2479"]
[BlackElo "2406"]
[PlyCount "69"]
[EventDate "1999.11.20"]
[SourceDate "2000.01.01"]

1. c4 Nf6 2. Nc3 e6 3. e4 d5 4. e5 d4 5. exf6 dxc3 6. bxc3 Qxf6 7. d4 c5 8. Nf3
cxd4 9. Bg5 Qf5 10. Bd3 Qa5 11. O-O dxc3 12. Rb1 Nc6 13. Qc2 Be7 14. Rb5 Qd8
15. Qxc3 Bxg5 16. Nxg5 Qf6 17. Qd2 h6 18. Ne4 Qd4 19. Rd1 f5 20. Qe2 fxe4 21.
Bxe4 Qf6 22. Qh5+ g6 23. Bxg6+ Kf8 24. Rd3 Qa1+ 25. Rd1 Qf6 26. h4 Rg8 27.
Qxh6+ Ke7 28. h5 e5 29. Qe3 Rxg6 30. hxg6 Qxg6 31. Qc5+ Ke8 32. Rb3 b6 33. Qd5
Qe6 34. Re3 Bb7 35. Qxe6+ 1-0

[Event "4NCL/Div1/SWR-AD"]
[Site "Rd3-Birmingham"]
[Date "1999.11.20"]
[Round "3.3"]
[White "Dunnington, Angus"]
[Black "Bellin, Robert"]
[Result "1/2-1/2"]
[WhiteElo "2366"]
[BlackElo "2351"]
[PlyCount "43"]
[EventDate "1999.11.20"]
[SourceDate "2000.01.01"]

1. Nf3 e6 2. e4 d5 3. Nc3 Nf6 4. e5 Nfd7 5. d4 c5 6. Bb5 Nc6 7. O-O Be7 8. Ne2
Qb6 9. Ba4 cxd4 10. Nexd4 Nxd4 11. Nxd4 O-O 12. Nf3 Nc5 13. c3 Nxa4 14. Qxa4
Qc6 15. Qg4 Kh8 16. Re1 Bd7 17. Qh5 Be8 18. Qh3 Rc8 19. Bg5 Bxg5 20. Nxg5 h6
21. Nf3 Qb5 22. Rab1 1/2-1/2

[Event "4NCL/Div1/SWR-AD"]
[Site "Rd3-Birmingham"]
[Date "1999.11.20"]
[Round "3.4"]
[White "Richardson, John"]
[Black "Dunworth, Chris"]
[Result "1/2-1/2"]
[WhiteElo "2315"]
[BlackElo "2308"]
[PlyCount "89"]
[EventDate "1999.11.20"]
[SourceDate "2000.01.01"]

1. d4 g6 2. e4 c6 3. Nc3 d6 4. Be3 Bg7 5. Qd2 Nd7 6. Nf3 b5 7. Bd3 Nb6 8. b3
Bg4 9. O-O Bxf3 10. gxf3 Nf6 11. Bh6 O-O 12. Bxg7 Kxg7 13. Kh1 e5 14. Ne2 Nh5
15. f4 Qf6 16. dxe5 dxe5 17. f5 Rad8 18. Qe3 Qd6 19. a4 bxa4 20. bxa4 Nd7 21.
a5 Nf4 22. Bc4 Nc5 23. f3 f6 24. Nxf4 exf4 25. Qa3 Qd4 26. Ba2 Qe5 27. Rfd1 Rd4
28. c3 Rd6 29. Rxd6 Qxd6 30. Qb4 Rd8 31. Qc4 Qd3 32. Rf1 Qxc4 33. Bxc4 Rd2 34.
Rb1 Rc2 35. Rb8 Rxc3 36. Rg8+ Kh6 37. Bf7 g5 38. Ra8 Rxf3 39. Rxa7 g4 40. Bg8
Ra3 41. Rxh7+ Kg5 42. Rg7+ Kh4 43. Rh7+ Kg5 44. Rg7+ Kh4 45. Rh7+ 1/2-1/2

[Event "4NCL/Div1/SWR-AD"]
[Site "Rd3-Birmingham"]
[Date "1999.11.20"]
[Round "3.5"]
[White "Mah, Karl"]
[Black "Lyell, Mark"]
[Result "1-0"]
[WhiteElo "2316"]
[BlackElo "2238"]
[PlyCount "73"]
[EventDate "1999.11.20"]
[SourceDate "2000.01.01"]

1. d4 f5 2. g3 g6 3. Bg2 Bg7 4. c3 Nc6 5. Nh3 d6 6. O-O Nh6 7. Qb3 Na5 8. Qa4+
c6 9. b4 Nc4 10. Bxc6+ Bd7 11. Bxd7+ Qxd7 12. Qxd7+ Kxd7 13. Nd2 Rhc8 14. a4
Nf7 15. a5 a6 16. Nf4 e6 17. Nxc4 Rxc4 18. Bb2 Bh6 19. Nd3 Rac8 20. Rfd1 Nd8
21. Ne1 f4 22. Nc2 d5 23. Ne1 fxg3 24. hxg3 Bf8 25. Nd3 Bd6 26. Kg2 Nc6 27. Rh1
h5 28. g4 hxg4 29. Rh7+ Ne7 30. Rah1 R4c7 31. Rf7 Rg8 32. Rhh7 Ke8 33. Nc5 Bxc5
34. bxc5 Rf8 35. Rfg7 Rd7 36. c6 bxc6 37. Ba3 1-0

[Event "4NCL/Div1/SWR-AD"]
[Site "Rd3-Birmingham"]
[Date "1999.11.20"]
[Round "3.6"]
[White "Timmermans, Ivo"]
[Black "Gayson, Peter"]
[Result "1-0"]
[WhiteElo "2213"]
[BlackElo "2255"]
[PlyCount "141"]
[EventDate "1999.11.20"]
[SourceDate "2000.01.01"]

1. e4 c5 2. Nf3 e6 3. d4 cxd4 4. Nxd4 Nf6 5. Nc3 d6 6. g4 h6 7. h4 Nc6 8. Rg1
a6 9. g5 hxg5 10. hxg5 Nh5 11. Rh1 g6 12. Be2 Bd7 13. Be3 Bg7 14. Qd2 Qa5 15.
Nb3 Bxc3 16. bxc3 Qe5 17. O-O-O O-O-O 18. Qxd6 Ng3 19. Rhe1 Qxd6 20. Rxd6 Nxe4
21. Rd3 Ne5 22. Rd4 Nxc3 23. Rf4 Nxe2+ 24. Rxe2 Rh1+ 25. Kb2 Bb5 26. c4 Nd3+
27. Kc3 Nxf4 28. Bxf4 Bc6 29. Na5 Rh3+ 30. Kb4 Rf3 31. Be5 Rd1 32. Kc5 Ra3 33.
Nxc6 bxc6 34. Kxc6 Ra5 35. f4 Rc1 36. Kb6 Rxe5 37. fxe5 Rxc4 38. Rf2 Rc7 39.
Kxa6 Kd8 40. Kb6 Rd7 41. a4 Kc8 42. Rc2+ Kb8 43. Rc6 Rd1 44. a5 Rb1+ 45. Kc5
Rc1+ 46. Kd6 Rd1+ 47. Ke7 Rf1 48. Rb6+ Ka7 49. Kd6 Rf5 50. Rc6 Kb7 51. Rc5 Ka6
52. Ke7 {#} Rf1 53. Rc8 Rf5 54. Ra8+ Kb7 (54... Kb5 55. a6 Kb6 56. a7 Rxe5 (
56... Rxg5 57. Rf8 Kxa7 58. Rxf7 Kb8 59. Kxe6 Rg1 60. Kf6 Rf1+ 61. Kxg6) 57.
Rf8 Kxa7 58. Rxf7) 55. Rf8 Rxe5 56. Rxf7 Ka6 57. Kf6 Re1 58. Re7 Kxa5 59. Rxe6
Rf1+ 60. Kxg6 Kb5 61. Rd6 Kc5 62. Rd2 Kc6 63. Kg7 Rg1 64. g6 Kc7 65. Kf7 Rf1+
66. Kg8 Rg1 67. g7 Kc8 68. Rf2 Rd1 69. Kf7 Rd7+ 70. Kg6 Rd6+ 71. Rf6 1-0

[Event "4NCL/Div1/SWR-AD"]
[Site "Rd3-Birmingham"]
[Date "1999.11.20"]
[Round "3.7"]
[White "Barrett, Stephen"]
[Black "Anderton, David"]
[Result "1/2-1/2"]
[WhiteElo "2234"]
[BlackElo "2228"]
[PlyCount "84"]
[EventDate "1999.11.20"]
[SourceDate "2000.01.01"]

1. d4 Nf6 2. c4 e6 3. Nc3 Bb4 4. Nf3 c5 5. g3 O-O 6. Bg2 cxd4 7. Nxd4 d5 8.
cxd5 Nxd5 9. Bd2 Bxc3 10. bxc3 e5 11. Nb3 Nc6 12. O-O Nb6 13. Be3 Qc7 14. Qc2
Rd8 15. Rad1 Be6 16. Nc5 Bc4 17. Bg5 f6 18. Bc1 Bf7 19. Be4 g6 20. Bg2 Nc4 21.
h4 Qe7 22. Ne4 Kg7 23. Rd3 h6 24. g4 Be6 25. Rg3 Rf8 26. g5 hxg5 27. hxg5 f5
28. Nf6 Rad8 29. Rh3 Rh8 30. Rxh8 Rxh8 31. Rd1 e4 32. Bf4 N6e5 33. Qa4 a6 34.
Bxe5 Nxe5 35. Qd4 Nc6 36. Nh5+ Kg8 37. Nf6+ Kf7 38. Qd6 Bxa2 39. Qxe7+ Nxe7 40.
Rd7 Rc8 41. Rxb7 Rxc3 42. e3 Rc1+ 1/2-1/2

[Event "4NCL/Div1/SWR-AD"]
[Site "Rd3-Birmingham"]
[Date "1999.11.20"]
[Round "3.8"]
[White "Bellin, Jana"]
[Black "Barnes, Lara"]
[Result "1-0"]
[WhiteElo "2163"]
[BlackElo "1640"]
[PlyCount "49"]
[EventDate "1999.11.20"]
[SourceDate "2000.01.01"]

1. d4 Nf6 2. Nf3 d5 3. Bf4 e6 4. c4 Bb4+ 5. Nbd2 O-O 6. e3 c5 7. dxc5 Bxc5 8.
Be2 Nc6 9. O-O Bd7 10. a3 dxc4 11. Nxc4 a5 12. Qc2 b5 13. Nce5 Qb6 14. Nxd7
Nxd7 15. Rac1 Rac8 16. Rfd1 Ncb8 17. b4 axb4 18. axb4 Bxb4 19. Qxc8 Rxc8 20.
Rxc8+ Bf8 21. Bxb8 Qb7 22. Re8 Nxb8 23. Rdd8 Nd7 24. Ne5 Qc7 25. Nxd7 1-0

[Event "4NCL/Div1/AD-IKHH"]
[Site "Rd4-Birmingham"]
[Date "1999.11.21"]
[Round "4.1"]
[White "Chandler, Murray"]
[Black "Nunn, John"]
[Result "1-0"]
[WhiteElo "2505"]
[BlackElo "2598"]
[PlyCount "87"]
[EventDate "1999.11.21"]
[SourceDate "2000.01.01"]

1. e4 c5 2. Nf3 e6 3. d4 cxd4 4. Nxd4 Nf6 5. Nc3 Nc6 6. Nxc6 bxc6 7. e5 Nd5 8.
Ne4 Qc7 9. f4 Qb6 10. c4 Ne3 11. Qd3 Bb4+ 12. Bd2 Ba6 13. Bxb4 Qxb4+ 14. Kf2
Nd5 15. Qb3 Qb6+ 16. Kf3 Nc7 17. Qa3 c5 18. Qxc5 Bb7 19. Qxb6 axb6 20. Ke3 Bxe4
21. Kxe4 Ke7 22. Be2 Ra4 23. Kf3 Rb4 24. b3 Ra8 25. Rhb1 Ra3 26. Bd3 Na6 27.
Rd1 Nc5 28. Ke3 f6 29. exf6+ Kxf6 30. g3 h6 31. Kd4 g5 32. Bc2 gxf4 33. gxf4 d5
34. Kc3 Rxc4+ 35. Kb2 Rxc2+ 36. Kxc2 Kf5 37. Kb2 Ra8 38. Rd4 Ne4 39. Rb4 Rg8
40. a4 Rg2+ 41. Ka3 Kxf4 42. Rxb6 e5 43. a5 d4 44. a6 1-0

[Event "4NCL/Div1/AD-IKHH"]
[Site "Rd4-Birmingham"]
[Date "1999.11.21"]
[Round "4.2"]
[White "Gallagher, Joe"]
[Black "Mestel, Jonathan"]
[Result "1-0"]
[WhiteElo "2521"]
[BlackElo "2479"]
[PlyCount "63"]
[EventDate "1999.11.21"]
[SourceDate "2000.01.01"]

1. e4 e6 2. d3 c5 3. Nf3 Nc6 4. g3 g6 5. c3 Bg7 6. Bg2 Nge7 7. O-O d5 8. Qe2
O-O 9. e5 h6 10. h4 b5 11. Bf4 a5 12. Nbd2 a4 13. Rac1 Bb7 14. Rfe1 Qb6 15. Nh2
a3 16. b3 b4 17. c4 Nd4 18. Qd1 Kh7 19. Nhf3 Nxf3+ 20. Nxf3 Rad8 21. Qe2 dxc4
22. dxc4 Nf5 23. Rcd1 Qc6 24. Ng5+ hxg5 25. Bxc6 Bxc6 26. Bxg5 Nd4 27. Rxd4
Rxd4 28. Be7 Rb8 29. Bxc5 Re4 30. Qxe4 Bxe4 31. Rxe4 Bf8 32. Bd6 1-0

[Event "4NCL/Div1/AD-IKHH"]
[Site "Rd4-Birmingham"]
[Date "1999.11.21"]
[Round "4.3"]
[White "Bellin, Robert"]
[Black "Norwood, David"]
[Result "0-1"]
[WhiteElo "2351"]
[BlackElo "2518"]
[PlyCount "72"]
[EventDate "1999.11.21"]
[SourceDate "2000.01.01"]

1. e4 g6 2. d4 Bg7 3. Nc3 c6 4. f4 Qb6 5. Nf3 d5 6. e5 Bg4 7. Be2 e6 8. O-O Ne7
9. Na4 Qc7 10. Be3 Nd7 11. b3 b5 12. Nb2 O-O 13. Qd2 Nf5 14. Bf2 c5 15. c3 Rab8
16. h3 Bxf3 17. Bxf3 f6 18. g4 Ne7 19. Bg2 fxe5 20. dxe5 g5 21. f5 exf5 22.
Qxg5 Rbe8 23. Bg3 h6 24. Qh5 Kh7 25. gxf5 Bxe5 26. Bxe5 Qxe5 27. Rae1 Qg7 28.
Re6 Nf6 29. Qf3 Qg5 30. Rfe1 Ne4 31. R1xe4 dxe4 32. Qxe4 Rxf5 33. Nd3 Kh8 34.
h4 Qg3 35. Re5 Ref8 36. Rxe7 Rf1# {
(May be some score errors - both scoresheets illegible after move 30)} 0-1

[Event "4NCL/Div1/AD-IKHH"]
[Site "Rd4-Birmingham"]
[Date "1999.11.21"]
[Round "4.4"]
[White "Ledger, Andrew"]
[Black "Richardson, John"]
[Result "1/2-1/2"]
[WhiteElo "2431"]
[BlackElo "2315"]
[PlyCount "67"]
[EventDate "1999.11.21"]
[SourceDate "2000.01.01"]

1. e4 d5 2. exd5 Qxd5 3. Nc3 Qa5 4. Nf3 c6 5. Bc4 Nf6 6. h3 Bf5 7. O-O e6 8. d3
Nbd7 9. Qe2 Bg6 10. Bf4 Be7 11. a3 Nb6 12. Ba2 Nbd5 13. Be5 O-O 14. Qd2 Nxc3
15. Bxc3 Qc7 16. Be5 Bd6 17. Rae1 Rad8 18. Qg5 Bxe5 19. Nxe5 Rd4 20. Kh1 Rfd8
21. f4 Kf8 22. g4 Re8 23. Re2 Nd5 24. f5 exf5 25. Rfe1 Rxe5 26. Rxe5 f6 27.
Rxd5 Rxd5 28. Qd2 Re5 29. gxf5 Bxf5 30. Rxe5 Qxe5 31. Qb4+ Qe7 32. Qc4 Qe1+ 33.
Kg2 Qe2+ 34. Kg1 1/2-1/2

[Event "4NCL/Div1/AD-IKHH"]
[Site "Rd4-Birmingham"]
[Date "1999.11.21"]
[Round "4.5"]
[White "Lyell, Mark"]
[Black "Farndon, David"]
[Result "1/2-1/2"]
[WhiteElo "2238"]
[BlackElo "2236"]
[PlyCount "50"]
[EventDate "1999.11.21"]
[SourceDate "2000.01.01"]

1. e4 c5 2. c3 d5 3. exd5 Qxd5 4. d4 Nf6 5. Nf3 Nc6 6. dxc5 Qxd1+ 7. Kxd1 e5 8.
Be3 Bg4 9. Nbd2 Nd5 10. Nb3 e4 11. h3 Bxf3+ 12. gxf3 Nxe3+ 13. fxe3 exf3 14.
Ke1 O-O-O 15. h4 Be7 16. Bh3+ Kb8 17. Bf5 Ne5 18. Kf2 g6 19. Be4 f5 20. Bxf3
Nd3+ 21. Ke2 Nxc5 22. Nxc5 Bxc5 23. Rad1 Rxd1 24. Rxd1 Re8 25. Rd3 Kc7 1/2-1/2

[Event "4NCL/Div1/AD-IKHH"]
[Site "Rd4-Birmingham"]
[Date "1999.11.21"]
[Round "4.7"]
[White "Anderton, David"]
[Black "Wade, Robert"]
[Result "1/2-1/2"]
[WhiteElo "2228"]
[BlackElo "2204"]
[PlyCount "117"]
[EventDate "1999.11.21"]
[SourceDate "2000.01.01"]

1. d4 d6 2. e4 Nf6 3. Nc3 c6 4. g3 e5 5. Bg2 Be7 6. Nge2 h5 7. h3 Nbd7 8. O-O
h4 9. g4 Nh7 10. f4 g5 11. fxe5 dxe5 12. Be3 Nhf8 13. Qd2 Ng6 14. Rad1 f6 15.
Kh1 Qa5 16. Nc1 exd4 17. Bxd4 Nde5 18. Nd3 Be6 19. Qf2 O-O 20. Nc5 Bxc5 21.
Bxc5 Rf7 22. Rd6 Re8 23. Rfd1 b5 24. a3 Qc7 25. b3 Nf4 26. Ne2 Nxe2 27. Qxe2
Rd7 28. Qf2 Rxd6 29. Bxd6 Qf7 30. Bxe5 fxe5 31. Qc5 Qc7 32. Rd6 Bf7 33. Rxc6
Qa5 34. Qe3 Qd8 35. Ra6 Re6 36. Rxe6 Bxe6 37. Kh2 Qf6 38. Qxa7 Qf4+ 39. Kg1
Qc1+ 40. Bf1 Qxc2 41. Qb8+ Kf7 42. Qxe5 Qxb3 43. Qxb5 Qe3+ 44. Kh1 Qxa3 45.
Qxg5 Qf3+ 46. Bg2 Qf2 47. Qc1 Kg6 48. e5 Qd4 49. Qb1+ Kg5 50. Qc1+ Qf4 51. Qc7
Kg6 52. Qc5 Qd2 53. Qg1 Kg5 54. Qf1 Qf4 55. Qe1 Qd4 56. Qc1+ Kg6 57. Qc7 Qe3
58. Qc2+ Kg5 59. Qe4 1/2-1/2

[Event "4NCL/Div1/AD-IKHH"]
[Site "Rd4-Birmingham"]
[Date "1999.11.21"]
[Round "4.8"]
[White "Richards, Heather"]
[Black "Bellin, Jana"]
[Result "1-0"]
[WhiteElo "2117"]
[BlackElo "2163"]
[PlyCount "65"]
[EventDate "1999.11.21"]
[SourceDate "2000.01.01"]

1. e4 c5 2. c3 e6 3. d4 d5 4. exd5 exd5 5. Be3 c4 6. b3 cxb3 7. axb3 Nf6 8. Bd3
Bd6 9. Nf3 Bg4 10. h3 Bh5 11. O-O O-O 12. Na3 Nbd7 13. Nb5 Bb8 14. Be2 a6 15.
Na3 Bxf3 16. Bxf3 Qc7 17. g3 Qxc3 18. Qb1 Re8 19. Rc1 Qb4 20. Qd3 Qe7 21. Nb1
Bxg3 22. Nc3 Bb8 23. Nxd5 Nxd5 24. Bxd5 Nf6 25. Bg5 Qd7 26. Bg2 Re6 27. Qf3 Ne4
28. Be3 Ba7 29. d5 Re7 30. Bxa7 Rxa7 31. Qe3 b5 32. Qxa7 Qf5 33. Qb8+ 1-0

[Event "4NCL/Div1/BAR-SWR"]
[Site "Rd4-Birmingham"]
[Date "1999.11.21"]
[Round "4.1"]
[White "Pert, Nick"]
[Black "Davies, Nigel"]
[Result "1/2-1/2"]
[WhiteElo "2425"]
[BlackElo "2518"]
[PlyCount "36"]
[EventDate "1999.11.21"]
[SourceDate "2000.01.01"]

1. d4 Nf6 2. Nf3 g6 3. g3 Bg7 4. Bg2 O-O 5. O-O d5 6. Nbd2 Nc6 7. c4 dxc4 8.
Nxc4 Be6 9. b3 a5 10. Bb2 Bd5 11. e3 a4 12. Qe2 Ra6 13. Rfd1 e6 14. Ncd2 Ne4
15. Nxe4 Bxe4 16. Bf1 axb3 17. axb3 Rxa1 18. Rxa1 Ne7 1/2-1/2

[Event "4NCL/Div1/BAR-SWR"]
[Site "Rd4-Birmingham"]
[Date "1999.11.21"]
[Round "4.2"]
[White "Marusenko, Petr"]
[Black "Crouch, Colin"]
[Result "1/2-1/2"]
[WhiteElo "2406"]
[BlackElo "2423"]
[PlyCount "89"]
[EventDate "1999.11.21"]
[SourceDate "2000.01.01"]

1. e4 e5 2. Nf3 Nf6 3. Nxe5 d6 4. Nf3 Nxe4 5. d4 Be7 6. Bd3 Nf6 7. h3 O-O 8.
O-O Nbd7 9. c4 c5 10. Nc3 cxd4 11. Nxd4 Nb6 12. Qf3 d5 13. cxd5 Nfxd5 14. Nxd5
Qxd5 15. Rd1 Qxf3 16. Nxf3 Bf6 17. Ng5 g6 18. Ne4 Bg7 19. Nc3 Be6 20. Be4 Nc4
21. Nd5 Rad8 22. Bg5 f6 23. Nc7 Bf7 24. Bh4 Nxb2 25. Rxd8 Rxd8 26. Rb1 Rd2 27.
Bxb7 g5 28. Bg3 f5 29. f4 Bxa2 30. Ra1 Bc4 31. fxg5 Nd3 32. Rb1 f4 33. Bh4 Bd4+
34. Kh1 Nf2+ 35. Bxf2 Bxf2 36. Ne8 Ba2 37. Rc1 Rb2 38. Nf6+ Kf7 39. Be4 Be3 40.
Ra1 Re2 41. Bxh7 f3 42. gxf3 Bxg5 43. Rxa2 Rxa2 44. Bg8+ Kxf6 45. Bxa2 1/2-1/2

[Event "4NCL/Div1/BAR-SWR"]
[Site "Rd4-Birmingham"]
[Date "1999.11.21"]
[Round "4.3"]
[White "Lehtivaara, Petri"]
[Black "Mah, Karl"]
[Result "1/2-1/2"]
[WhiteElo "2336"]
[BlackElo "2316"]
[PlyCount "66"]
[EventDate "1999.11.21"]
[SourceDate "2000.01.01"]

1. d4 d5 2. c4 c6 3. Nf3 Nf6 4. Nc3 dxc4 5. a4 Bf5 6. Nh4 Bd7 7. e4 e6 8. Nf3
Bb4 9. Qc2 b5 10. Be2 h6 11. O-O O-O 12. Be3 a5 13. Ne5 Na6 14. f4 Be8 15. Bf3
Nh7 16. d5 Bxc3 17. Qxc3 cxd5 18. exd5 exd5 19. axb5 Nb4 20. Bc5 Bxb5 21. Bxf8
Nxf8 22. Rad1 Qb6+ 23. Kh1 Rd8 24. Bh5 g6 25. Qg3 Nd7 26. Nxd7 Rxd7 27. f5 g5
28. Qe5 Qd8 29. f6 Nd3 30. Qd4 Qb8 31. Be2 Nf4 32. Bg4 Rd8 33. Rfe1 Bd7 1/2-1/2

[Event "4NCL/Div1/BAR-SWR"]
[Site "Rd4-Birmingham"]
[Date "1999.11.21"]
[Round "4.4"]
[White "Dunnington, Angus"]
[Black "Knott, Simon"]
[Result "1/2-1/2"]
[WhiteElo "2366"]
[BlackElo "2348"]
[PlyCount "56"]
[EventDate "1999.11.21"]
[SourceDate "2000.01.01"]

1. Nf3 Nf6 2. c4 g6 3. b3 Bg7 4. Bb2 O-O 5. g3 d6 6. d4 c5 7. Bg2 Ne4 8. O-O
Nc6 9. e3 Qa5 10. Qc1 Nb4 11. Ne1 Nf6 12. Bc3 Qc7 13. Nd2 Bg4 14. f3 Bd7 15. a3
Na6 16. d5 b5 17. Nd3 Rfb8 18. e4 b4 19. axb4 Nxb4 20. Nf2 a5 21. f4 a4 22. e5
Ne8 23. exd6 Nxd6 24. Bxg7 Kxg7 25. bxa4 Kg8 26. Re1 Bxa4 27. Ng4 h5 28. Ne5
Bc2 1/2-1/2

[Event "4NCL/Div1/BAR-SWR"]
[Site "Rd4-Birmingham"]
[Date "1999.11.21"]
[Round "4.5"]
[White "Collinson, Adam"]
[Black "Barrett, Stephen"]
[Result "1-0"]
[WhiteElo "2405"]
[BlackElo "2234"]
[PlyCount "37"]
[EventDate "1999.11.21"]
[SourceDate "2000.01.01"]

1. e4 c5 2. Nf3 e6 3. b3 b6 4. Bb2 Bb7 5. Nc3 d6 6. d4 cxd4 7. Nxd4 Nf6 8. Bc4
Nxe4 9. Nxe4 Bxe4 10. Qg4 Bg6 11. O-O a6 12. Bxe6 fxe6 13. Nxe6 Qd7 14. Rfe1
Be7 15. Nxg7+ Kd8 16. Ne6+ Kc8 17. Bxh8 Nc6 18. h3 Kb8 19. Nd4 1-0

[Event "4NCL/Div1/BAR-SWR"]
[Site "Rd4-Birmingham"]
[Date "1999.11.21"]
[Round "4.6"]
[White "Gayson, Peter"]
[Black "Rogers, Jonathan"]
[Result "1-0"]
[WhiteElo "2255"]
[BlackElo "2340"]
[PlyCount "125"]
[EventDate "1999.11.21"]
[SourceDate "2000.01.01"]

1. e4 e5 2. Nf3 d5 3. Nxe5 Bd6 4. d4 dxe4 5. Nc4 Nf6 6. Be2 O-O 7. O-O c5 8.
Nxd6 Qxd6 9. dxc5 Qxc5 10. Be3 Qf5 11. Nc3 Nc6 12. f3 Rd8 13. Qc1 exf3 14. Bxf3
Ng4 15. h3 Nxe3 16. Qxe3 Qe5 17. Qxe5 Nxe5 18. Bd5 Bd7 19. Rae1 Re8 20. Bxb7
Rab8 21. Bd5 a5 22. Bb3 Bc6 23. Ba4 Bxa4 24. Nxa4 f6 25. b3 Rb4 26. c3 Rbb8 27.
Rd1 Red8 28. Rd4 Rxd4 29. cxd4 Nc6 30. Rf5 Rd8 31. Rc5 Nxd4 32. Nc3 Ne6 33.
Rxa5 Rd2 34. Ne4 Re2 35. Nf2 Nf4 36. a4 Rb2 37. Ra8+ Kf7 38. Ra7+ Kg6 39. Rb7
Ne2+ 40. Kf1 Nd4 41. Nd3 Rd2 42. Nc5 Nf5 43. a5 Ne3+ 44. Ke1 Rc2 45. Na4 Nxg2+
46. Kd1 Ne3+ 47. Ke1 Ng2+ 48. Kf1 Ne3+ 49. Kg1 Kf5 50. Rb4 Nd5 51. Rb5 Ke4 52.
a6 Nc7 53. a7 Rc6 54. Rb7 Na8 55. Kf2 Rc7 56. Rxc7 Nxc7 57. Nb6 Kd4 58. a8=Q
Nxa8 59. Nxa8 h5 60. Nc7 g5 61. b4 Kc4 62. Ne8 f5 63. Nd6+ 1-0

[Event "4NCL/Div1/BAR-SWR"]
[Site "Rd4-Birmingham"]
[Date "1999.11.21"]
[Round "4.7"]
[White "Dishman, Stephen"]
[Black "Dunworth, Chris"]
[Result "1/2-1/2"]
[WhiteElo "2364"]
[BlackElo "2308"]
[PlyCount "148"]
[EventDate "1999.11.21"]
[SourceDate "2000.01.01"]

1. d4 g6 2. e4 c6 3. Nf3 Bg7 4. c3 d5 5. Nbd2 Bg4 6. Bd3 Nd7 7. exd5 cxd5 8.
Qb3 Ngf6 9. Qxb7 O-O 10. O-O Nb6 11. Qa6 Ne8 12. Re1 Bc8 13. Qa3 Nd6 14. Qb3 a5
15. a4 Ba6 16. Bxa6 Rxa6 17. Qc2 Qc7 18. Qd3 Ra7 19. Nb3 Qc4 20. Nc5 Qxd3 21.
Nxd3 Ne4 22. Ng5 Nxg5 23. Bxg5 e6 24. Ra3 Rc8 25. Rb3 Nc4 26. Bf4 Bf8 27. f3
Be7 28. Kf2 Kf8 29. Ne5 Nd6 30. Rb6 Rb7 31. Rxb7 Nxb7 32. Ke2 Ke8 33. Kd2 Nd6
34. b3 Nb7 35. Rc1 f6 36. Nd3 Kd7 37. c4 Ba3 38. Rc2 Nd8 39. Ra2 Bb4+ 40. Nxb4
axb4 41. cxd5 exd5 42. Rc2 Rxc2+ 43. Kxc2 Nc6 44. Kd3 Na5 45. Bd2 Nc6 46. h4 h5
47. Bh6 Ke7 48. g4 Na5 49. Bd2 Nc6 50. Ke3 Ke6 51. Be1 Kd7 52. Kd3 Ke6 53. Bd2
Kd7 54. Be1 Ke6 55. gxh5 gxh5 56. Bd2 Kd7 57. Bh6 Ke7 58. Bf4 Kd7 59. Bg3 Na5
60. Be1 Nc6 61. Bd2 Kd8 62. Ke3 Kd7 63. Be1 Kd6 64. a5 Kc7 65. Kf4 Kb7 66. Kf5
Nxd4+ 67. Kxf6 Nxf3 68. Bxb4 Nxh4 69. Ke5 Ng6+ 70. Kxd5 h4 71. Bd6 h3 72. b4
Ne7+ 73. Kc5 Nc8 74. Kd5 Ka6 1/2-1/2

[Event "4NCL/Div1/BAR-SWR"]
[Site "Rd4-Birmingham"]
[Date "1999.11.21"]
[Round "4.8"]
[White "Barnes, Lara"]
[Black "Kieran, Rosalind"]
[Result "1-0"]
[WhiteElo "1640"]
[BlackElo "2079"]
[PlyCount "155"]
[EventDate "1999.11.21"]
[SourceDate "2000.01.01"]

1. e4 c5 2. Nc3 Nc6 3. f4 g6 4. Nf3 Bg7 5. Bb5 Nd4 6. O-O Nxb5 7. Nxb5 a6 8.
Na3 e6 9. d3 Ne7 10. Nc4 d5 11. Nce5 O-O 12. c3 b6 13. Qe2 Bb7 14. Bd2 Qd6 15.
Ng4 dxe4 16. dxe4 h5 17. Nf2 Rad8 18. Rad1 Qc7 19. Bc1 Nc6 20. Ng5 Qe7 21. Qc4
b5 22. Qe2 b4 23. e5 Na5 24. Nfe4 Bd5 25. Nd6 f6 26. c4 fxg5 27. cxd5 exd5 28.
Qxa6 Ra8 29. Qd3 Qe6 30. Qxd5 Qxd5 31. Rxd5 gxf4 32. Bxf4 Rad8 33. Bg3 Rxf1+
34. Kxf1 Rf8+ 35. Ke2 Nc6 36. Rxc5 Nd4+ 37. Kd3 Ne6 38. Rb5 Nf4+ 39. Kc4 Nxg2
40. Kxb4 Nf4 41. Nc4 g5 42. a4 Rd8 43. Bxf4 gxf4 44. e6 Re8 45. Rxh5 Rxe6 46.
Rf5 Bf8+ 47. Kc3 Bh6 48. b3 Kh7 49. Kd3 Kg6 50. Re5 Rf6 51. Ke2 f3+ 52. Kf2 Bg5
53. Re4 Kh5 54. Re5 Kg6 55. Rd5 Bh4+ 56. Kf1 f2 57. Ne5+ Kg7 58. Rd7+ Kg8 59.
Rd4 Bg5 60. Rg4 Rf5 61. Nd3 Kh7 62. Rg2 Bh4 63. Nxf2 Rf3 64. b4 Rf4 65. h3 Bxf2
66. Rxf2 Rxb4 67. Ra2 Rb3 68. Kg2 Kg6 69. a5 Kf5 70. a6 Rb8 71. h4 Kg4 72. Ra4+
Kh5 73. a7 Ra8 74. Kg3 Rg8+ 75. Kf3 Rf8+ 76. Ke3 Ra8 77. Kd3 Kg6 78. Kc4 1-0

[Event "4NCL/Div1/GUI-RIC"]
[Site "Rd4-Birmingham"]
[Date "1999.11.21"]
[Round "4.1"]
[White "Rowson, Jonathan"]
[Black "Williams, Simon"]
[Result "0-1"]
[WhiteElo "2490"]
[BlackElo "2421"]
[PlyCount "72"]
[EventDate "1999.11.21"]
[SourceDate "2000.01.01"]

1. d4 e6 2. Nf3 f5 3. d5 Bb4+ 4. c3 Bd6 5. dxe6 dxe6 6. e4 fxe4 7. Ng5 Nf6 8.
Bb5+ Bd7 9. Qe2 Bxb5 10. Qxb5+ Nbd7 11. Be3 h6 12. Nxe6 Qe7 13. Qb3 Ne5 14. O-O
a5 15. Nd2 a4 16. Qxb7 Kf7 17. Nxe4 Rhb8 18. Nxd6+ Kxe6 19. Qxa8 Rxa8 20. Nb5
Kf7 21. Rab1 Rd8 22. b3 axb3 23. axb3 Nd5 24. Bd2 Nd3 25. Nd4 Ra8 26. c4 Nf6
27. Rbd1 Qe2 28. Nf3 Ra2 29. Bxh6 Kg8 30. Bg5 Ng4 31. Bh4 Nge5 32. Nxe5 Nxe5
33. Bg3 c6 34. Rd8+ Kh7 35. Rb1 Nd3 36. h3 Ne1 0-1

[Event "4NCL/Div1/GUI-RIC"]
[Site "Rd4-Birmingham"]
[Date "1999.11.21"]
[Round "4.2"]
[White "Quinn, Mark"]
[Black "King, Daniel"]
[Result "1-0"]
[WhiteElo "2377"]
[BlackElo "2501"]
[PlyCount "120"]
[EventDate "1999.11.21"]
[SourceDate "2000.01.01"]

1. d4 e6 2. c4 b6 3. Nc3 Bb7 4. a3 d5 5. Nf3 Nf6 6. cxd5 exd5 7. Bg5 Be7 8.
Qa4+ c6 9. e3 O-O 10. Bd3 Nbd7 11. Rd1 Ne4 12. Bxe4 Bxg5 13. Bf5 Bh6 14. O-O g6
15. Bb1 Bg7 16. e4 dxe4 17. Nxe4 Qc7 18. Ba2 h6 19. Qc2 Qf4 20. Rfe1 Rae8 21.
Ng3 Kh8 22. Re2 Rxe2 23. Nxe2 Qf6 24. Qe4 Qd6 25. Nc3 Nf6 26. Qh4 Bc8 27. Ne5
Be6 28. Qg3 Kg8 29. Nxg6 Qxg3 30. Ne7+ Kh7 31. hxg3 Bxa2 32. Nxa2 c5 33. Nf5
Rd8 34. Nc3 cxd4 35. Rxd4 Rxd4 36. Nxd4 Nd7 37. Ndb5 a6 38. Nc7 Nc5 39. Kf1 Nd3
40. Nxa6 Nxb2 41. Nb5 Bf8 42. Nb8 Nc4 43. a4 Kg6 44. Nd7 Bg7 45. Nc7 Kf5 46.
Ke2 Ke4 47. f3+ Kd4 48. Na8 h5 49. Naxb6 Na5 50. f4 Ke4 51. Nc5+ Kd4 52. Nd3 f5
53. Nd7 Kc4 54. N7e5+ Kb3 55. Ng6 Nc6 56. Nde5 Nd4+ 57. Ke3 Nc2+ 58. Kd2 Nd4
59. a5 Ka4 60. a6 Nb5 1-0

[Event "4NCL/Div1/GUI-RIC"]
[Site "Rd4-Birmingham"]
[Date "1999.11.21"]
[Round "4.3"]
[White "Plaskett, James"]
[Black "Bates, Richard"]
[Result "1-0"]
[WhiteElo "2513"]
[BlackElo "2376"]
[PlyCount "67"]
[EventDate "1999.11.21"]
[SourceDate "2000.01.01"]

1. e4 c5 2. Nf3 d6 3. d4 cxd4 4. Nxd4 Nf6 5. Nc3 a6 6. Bg5 e6 7. f4 Nc6 8. Qd2
h6 9. Bxf6 Qxf6 10. Nf3 Qd8 11. O-O-O Be7 12. h4 Qa5 13. g4 Bf6 14. Bc4 Bxc3
15. bxc3 Qc5 16. Qxd6 Qe3+ 17. Kb2 Qxf3 18. f5 Qxg4 19. Rhg1 Qxh4 20. fxe6 fxe6
21. Rxg7 Qd8 22. Qf4 Qxd1 23. Qf7+ Kd8 24. Qf6+ Ke8 25. Qf7+ Kd8 26. Qf6+ Ke8
27. Bxe6 Qf1 28. Qxf1 Bxe6 29. Qf6 Bc8 30. e5 Rf8 31. Qg6+ Kd8 32. Qd6+ Ke8 33.
e6 Rh8 34. Rc7 1-0